000 00791nam a2200253Ia 4500
003 OSt
005 20221006160510.0
006 a|||||r|||| 00| 0
007 ta
008 221006b |||||||| |||| 00| 0 eng d
024 _a45,328
037 _cSeries Articles
040 _aEASL
_cEASL
_beng
041 _2eng
_aeng
100 _aChen Tina Mai
_9323945
245 0 _aChinese residents of Burma as refugees, evacuees, and returnees
_b the shared racial logic of territorialization in the regulation of wartime migration
260 _aNew York
_bCambridge University Press U.K
_c2015
300 _a469-492 Pp.
_ccm.
490 _v49
650 _a Forum article
_9673900
650 _aAsian Studies
942 _cREF
_2CC
999 _c1113420
_d1113420